The ordering of justice (Record no. 1912)
[ view plain ]
| 000 -LEADER | |
|---|---|
| fixed length control field | nam a22 a 4500 |
| 005 - DATE AND TIME OF LATEST TRANSACTION | |
| control field | 20170512120105.0 |
| 008 - FIXED-LENGTH DATA ELEMENTS--GENERAL INFORMATION | |
| fixed length control field | 170512b1982 xxu||||| |||| 00| 0 eng d |
| 020 ## - INTERNATIONAL STANDARD BOOK NUMBER | |
| International Standard Book Number | 0802064639 |
| 040 ## - CATALOGING SOURCE | |
| Original cataloging agency | AKMAL |
| 082 ## - DEWEY DECIMAL CLASSIFICATION NUMBER | |
| Classification number | 345.7105 ERI |
| 090 ## - LOCALLY ASSIGNED LC-TYPE CALL NUMBER (OCLC); LOCAL CALL NUMBER (RLIN) | |
| Classification number (OCLC) (R) ; Classification number, CALL (RLIN) (NR) | 345.7105 |
| Local cutter number (OCLC) ; Book number/undivided call number, CALL (RLIN) | ERI |
| 100 ## - MAIN ENTRY--PERSONAL NAME | |
| Personal name | Ericson, Richard Victor. |
| 9 (RLIN) | 3966 |
| 245 04 - TITLE STATEMENT | |
| Title | The ordering of justice |
| Remainder of title | a study of accused persons as dependants in the criminal process / |
| Statement of responsibility, etc. | Richard V. Ericson, Patricia M. Baranek. |
| 260 ## - PUBLICATION, DISTRIBUTION, ETC. | |
| Place of publication, distribution, etc. | Toronto |
| -- | Buffalo |
| Name of publisher, distributor, etc. | Published in association with the Centre of Criminology, University of Toronto by University of Toronto Press |
| Date of publication, distribution, etc. | c1982. |
| 300 ## - PHYSICAL DESCRIPTION | |
| Dimensions | cm |
| 650 ## - SUBJECT ADDED ENTRY--TOPICAL TERM | |
| Topical term or geographic name entry element | Criminal procedure |
| Geographic subdivision | Canada. |
| 9 (RLIN) | 3967 |
| 650 ## - SUBJECT ADDED ENTRY--TOPICAL TERM | |
| Topical term or geographic name entry element | Criminal justice, Administration of |
| Geographic subdivision | Canada. |
| 9 (RLIN) | 3968 |
| 650 ## - SUBJECT ADDED ENTRY--TOPICAL TERM | |
| Topical term or geographic name entry element | Pleas (Criminal procedure) |
| Geographic subdivision | Canada. |
| 9 (RLIN) | 3969 |
| 650 ## - SUBJECT ADDED ENTRY--TOPICAL TERM | |
| Topical term or geographic name entry element | Crime |
| Geographic subdivision | Canada. |
| 9 (RLIN) | 3970 |
| 700 ## - ADDED ENTRY--PERSONAL NAME | |
| Personal name | Baranek, Patricia M. |
| 9 (RLIN) | 3971 |
| 942 ## - ADDED ENTRY ELEMENTS (KOHA) | |
| Source of classification or shelving scheme | |
| Koha item type | Book |
| Withdrawn status | Lost status | Source of classification or shelving scheme | Damaged status | Not for loan | Collection code | Home library | Current library | Shelving location | Date acquired | Inventory number | Total Checkouts | Full call number | Barcode | Date last seen | Price effective from | Koha item type |
|---|---|---|---|---|---|---|---|---|---|---|---|---|---|---|---|---|
| NON-FICTION | AKMAL Melaka | AKMAL Melaka | PINJAMAN | 12.05.2017 | 301513 | 345.7105 ERI | 201705832 | 12.05.2017 | 12.05.2017 | Book |
